<?xml version="1.0" encoding="UTF-8"?>
<record
    xmlns:xsi="http://www.w3.org/2001/XMLSchema-instance"
    xsi:schemaLocation="http://www.loc.gov/MARC21/slim http://www.loc.gov/standards/marcxml/schema/MARC21slim.xsd"
    xmlns="http://www.loc.gov/MARC21/slim">

  <leader>00761nam a2200193Ia 4500</leader>
  <controlfield tag="008">090124s9999    xx            000 0 und d</controlfield>
  <datafield tag="082" ind1=" " ind2=" ">
    <subfield code="b">38482</subfield>
  </datafield>
  <datafield tag="100" ind1=" " ind2=" ">
    <subfield code="a">&#x927;&#x930; &#x92A;&#x940;. &#x90F;&#x928;.</subfield>
  </datafield>
  <datafield tag="245" ind1=" " ind2=" ">
    <subfield code="a"> &#x907;&#x902;&#x926;&#x93F;&#x930;&#x93E; &#x917;&#x93E;&#x902;&#x927;&#x940; &#x906;&#x923;&#x93F;&#x92C;&#x93E;&#x923;&#x940; &#x935; &#x92D;&#x93E;&#x930;&#x924;&#x940;&#x92F; &#x932;&#x94B;&#x915;&#x936;&#x93E;&#x939;&#x940;</subfield>
  </datafield>
  <datafield tag="250" ind1=" " ind2=" ">
    <subfield code="a">1</subfield>
  </datafield>
  <datafield tag="260" ind1=" " ind2=" ">
    <subfield code="b">&#x930;&#x94B;&#x939;&#x928; &#x92A;&#x94D;&#x930;&#x915;&#x93E;&#x936;&#x928;</subfield>
    <subfield code="c">2002</subfield>
  </datafield>
  <datafield tag="300" ind1=" " ind2=" ">
    <subfield code="a">327</subfield>
  </datafield>
  <datafield tag="600" ind1=" " ind2=" ">
    <subfield code="a">&#x927;&#x930; &#x92A;&#x940;. &#x90F;&#x928;.</subfield>
  </datafield>
  <datafield tag="630" ind1=" " ind2=" ">
    <subfield code="a"> &#x907;&#x902;&#x926;&#x93F;&#x930;&#x93E; &#x917;&#x93E;&#x902;&#x927;&#x940; &#x906;&#x923;&#x93F;&#x92C;&#x93E;&#x923;&#x940; &#x935; &#x92D;&#x93E;&#x930;&#x924;&#x940;&#x92F; &#x932;&#x94B;&#x915;&#x936;&#x93E;&#x939;&#x940;</subfield>
  </datafield>
  <datafield tag="700" ind1=" " ind2=" ">
    <subfield code="a">&#x927;&#x930; &#x92A;&#x940;. &#x90F;&#x928;.</subfield>
  </datafield>
  <datafield tag="700" ind1=" " ind2=" ">
    <subfield code="a">&#x91C;&#x948;&#x928; &#x905;&#x936;&#x94B;&#x915;</subfield>
  </datafield>
  <datafield tag="730" ind1=" " ind2=" ">
    <subfield code="a"> &#x907;&#x902;&#x926;&#x93F;&#x930;&#x93E; &#x917;&#x93E;&#x902;&#x927;&#x940; &#x906;&#x923;&#x93F;&#x92C;&#x93E;&#x923;&#x940; &#x935; &#x92D;&#x93E;&#x930;&#x924;&#x940;&#x92F; &#x932;&#x94B;&#x915;&#x936;&#x93E;&#x939;&#x940;</subfield>
  </datafield>
  <datafield tag="942" ind1=" " ind2=" ">
    <subfield code="c">BOOK</subfield>
  </datafield>
  <datafield tag="999" ind1=" " ind2=" ">
    <subfield code="c">104490</subfield>
    <subfield code="d">104490</subfield>
  </datafield>
  <datafield tag="952" ind1=" " ind2=" ">
    <subfield code="0">0</subfield>
    <subfield code="1">0</subfield>
    <subfield code="4">0</subfield>
    <subfield code="7">0</subfield>
    <subfield code="a">THNNWM</subfield>
    <subfield code="b">THNNWM</subfield>
    <subfield code="d">0000-00-00</subfield>
    <subfield code="g">200.00</subfield>
    <subfield code="l">0</subfield>
    <subfield code="o">38482</subfield>
    <subfield code="p">THNNWM-38482</subfield>
    <subfield code="r">2009-01-24 00:00:00</subfield>
    <subfield code="v">200.00</subfield>
    <subfield code="w">2009-01-24</subfield>
    <subfield code="y">BOOK</subfield>
  </datafield>
</record>
